Understanding artificial intelligence: A layman’s overview (Record no. 528322)

000 -LEADER
fixed length control field 01567nam a22001337a 4500
008 - FIXED-LENGTH DATA ELEMENTS--GENERAL INFORMATION
fixed length control field 241129b ||||| |||| 00| 0 eng d
100 ## - MAIN ENTRY--PERSONAL NAME
Personal name Sajoy, P. B. and Ajoy, P. B.
245 ## - TITLE STATEMENT
Title Understanding artificial intelligence: A layman’s overview
260 ## - PUBLICATION, DISTRIBUTION, ETC. (IMPRINT)
Place of publication, distribution, etc Chartered Secretary: The Journal for Governance Professional
300 ## - PHYSICAL DESCRIPTION
Extent 54(11), Nov, 2024: p.46-48
520 ## - SUMMARY, ETC.
Summary, etc This article explores the evolution and applications of Artificial Intelligence (AI), emphasizing its attempt in replicating human intelligence. It also distinguishes between objective functions, like arithmetic calculations, and subjective functions, such as decision-making, illustrating how Artificial Intelligence systems are designed to learn and adapt autonomously. The discussion outlines the three stages of development of Artificial Intelligence: Symbolic Artificial Intelligence, Machine Learning and the anticipated emergence of Artificial Super Intelligence. Various sectors, including healthcare, finance, and education are highlighted as key areas of Artificial Intelligence applications. Existing Artificial Intelligence systems, while not fully capable of replacing the functions of a Company Secretary, can still assist in their professional performance. As Artificial Intelligence continues to advance, the implication for society becomes increasingly significant and complex.- Reproduced

https://www.icsi.edu/media/webmodules/CSJ/November-2024/ICSI_November_2024.pdf
773 ## - HOST ITEM ENTRY
Main entry heading Chartered Secretary: The Journal for Governance Professional
942 ## - ADDED ENTRY ELEMENTS (KOHA)
Item type Articles
Holdings
Withdrawn status Lost status Source of classification or shelving scheme Damaged status Not for loan Permanent location Current location Date acquired Serial Enumeration / chronology Barcode Date last seen Koha item type
          Indian Institute of Public Administration Indian Institute of Public Administration 2024-11-29 54(11), Nov, 2024: p.46-48 AR133715 2024-11-29 Articles

Powered by Koha